| 000 | 00577nam a22001817a 4500 | ||
|---|---|---|---|
| 003 | OSt | ||
| 005 | 20250912212114.0 | ||
| 008 | 250912b |||||||| |||| 00| 0 eng d | ||
| 040 |
_aCO-UdeC _bspa _cCO-UdeC |
||
| 041 | 0 | _aspa | |
| 082 | 0 | 4 |
_a070.44 _bG516 |
| 100 | 1 | _aGiraldo Londoño, César | |
| 245 | 1 | 0 |
_aBrevísimas de una vida / _cCésar Giraldo Londoño; prólogo de Juan Gómez Martínez |
| 260 |
_a[Medellín : _bs.n., _c1986?] |
||
| 300 |
_a121 p. : _bil. ; _c24 cm |
||
| 650 | 1 | 4 |
_aPeriodismo deportivo _zAntioquia |
| 942 |
_2ddc _cBK _h070.44 _iG516 _n0 |
||
| 999 |
_c2070 _d2070 |
||